| Tag |
First Indicator |
Second Indicator |
Subfields |
| LEADER |
00000cam a2200000 a 4500 |
| 001 |
in00002767172 |
| 005 |
20150922104612.0 |
| 008 |
110614s2011 nyu c 000 1 eng |
| 010 |
|
|
|a 2011016548
|
| 020 |
|
|
|a 9780061944383 (trade bdg.)
|
| 020 |
|
|
|a 0061944386 (trade bdg.)
|
| 020 |
|
|
|a 9780061944390 (library bdg.)
|
| 020 |
|
|
|a 0061944394 (library bdg.)
|
| 020 |
|
|
|a 9780062047441
|
| 020 |
|
|
|a 9780062091529 (pbk.)
|
| 020 |
|
|
|a 0062091522 (pbk.)
|
| 020 |
|
|
|a 0062047442
|
| 029 |
1 |
|
|a AU@
|b 000047159276
|
| 029 |
1 |
|
|a NZ1
|b 13747289
|
| 035 |
|
|
|a (OCoLC)ocn669754733
|
| 035 |
|
|
|a (OCoLC)669754733
|
| 040 |
|
|
|a DLC
|b eng
|c DLC
|d IG#
|d BTCTA
|d WL8
|d ON8
|d TE7
|d VP@
|d EHH
|d IHI
|d YDXCP
|d BDX
|d UtOrBLW
|
| 042 |
|
|
|a lcac
|a pcc
|
| 049 |
|
|
|a TXAM
|
| 050 |
0 |
0 |
|a PZ7.P361
|b Bio 2011
|
| 082 |
0 |
0 |
|a [Fic]
|2 23
|
| 100 |
1 |
|
|a Peirce, Lincoln.
|
| 245 |
1 |
0 |
|a Big Nate on a roll /
|c Lincoln Peirce.
|
| 250 |
|
|
|a 1st ed.
|
| 264 |
|
1 |
|a New York :
|b Harper,
|c [2011]
|
| 264 |
|
4 |
|c ©2011
|
| 300 |
|
|
|a 216 pages :
|b color illustrations ;
|c 22 cm.
|
| 336 |
|
|
|a text
|b txt
|2 rdacontent
|
| 337 |
|
|
|a unmediated
|b n
|2 rdamedia
|
| 338 |
|
|
|a volume
|b nc
|2 rdacarrier
|
| 521 |
1 |
|
|a Ages 8-12.
|
| 520 |
|
|
|a Middle-schooler Nate Wright vies against his rival, the "perfect" Artur, to win the grand prize of a customized skateboard in their scout troop contest.
|
| 650 |
|
1 |
|a Contests
|v Fiction.
|
| 650 |
|
1 |
|a Middle schools
|v Fiction.
|
| 650 |
|
1 |
|a Schools
|v Fiction.
|
| 650 |
|
1 |
|a Scouting (Youth activity)
|v Fiction.
|
| 650 |
|
1 |
|a Humorous stories.
|
| 650 |
|
0 |
|a Contests
|v Juvenile fiction.
|
| 650 |
|
0 |
|a Middle schools
|v Juvenile fiction.
|
| 650 |
|
0 |
|a Schools
|v Juvenile fiction.
|
| 650 |
|
0 |
|a Scouting (Youth activity)
|v Juvenile fiction.
|
| 650 |
|
0 |
|a Humorous stories.
|
| 650 |
|
7 |
|a Contests
|v Fiction.
|2 sears
|
| 650 |
|
7 |
|a Middle schools
|v Fiction.
|2 sears
|
| 650 |
|
7 |
|a Scouts and scouting
|v Fiction.
|2 sears
|
| 938 |
|
|
|a Ingram
|b INGR
|n 9780061944383
|
| 938 |
|
|
|a Baker and Taylor
|b BTCP
|n BK0009308171
|
| 938 |
|
|
|a YBP Library Services
|b YANK
|n 7303236
|
| 938 |
|
|
|a Brodart
|b BROD
|n 12559539
|c $12.99
|
| 947 |
|
|
|a A14835974354
|
| 945 |
|
|
|a PromptCat
|b 969063
|
| 946 |
|
|
|a curr
|
| 994 |
|
|
|a 92
|b TXA
|
| 948 |
|
|
|a Cataloged
|b h
|c 2012/8/1
|d c
|e EGrant
|
| 999 |
|
|
|a MARS
|
| 999 |
f |
f |
|s 6eb64f26-0d58-33c5-bb51-14d0d61d9d7e
|i efed2437-8e40-37c5-bb47-52eff292662a
|t 0
|
| 952 |
f |
f |
|p normal
|a Texas A&M University
|b College Station
|c Sterling C. Evans Library
|d Evans: Curriculum Collection (4th floor)
|t 0
|e PZ7.P361 Bio 2011
|h Library of Congress classification
|i unmediated -- volume
|m A14835974354
|
| 998 |
f |
f |
|a PZ7.P361 Bio 2011
|t 0
|l Evans: Curriculum Collection (4th floor)
|